Who's afraid of Virginia Woolf

Saved in:
Bibliografiske detaljer
Hovedforfatter: Albee, Edward (Author)
Format: Bog
Sprog:engelsk
Udgivet: Nueva York New America Library 1962
Serier:Signet Book
Fag:
Tags: Tilføj Tag
Ingen Tags, Vær først til at tagge denne postø!

MARC

LEADER 00000nam a2200000 a 4500
001 UCR3798
003 CL-VaPUC
008 980130e19620000US |||||||||||||||||eng|d
082 0 4 |a 812  |b ALB  |2 21 
100 0 |a Albee, Edward  |e author  |9 362773 
245 1 0 |a Who's afraid of Virginia Woolf 
300 |a 242 p 
942 |c BK 
945 |d 19980130 00:00:00  |a aolguin 
260 |a Nueva York  |b New America Library  |c 1962 
650 7 |a DRAMAS ESTADOUNIDENSES  |2 CL-VaPUC  |9 267218 
650 7 |a LITERATURA NORTEAMERICANA  |2 CL-VaPUC  |9 403086 
583 |a last modification  |c 19980130 00:00:00  |k Rodrigo Vera 
490 0 |a Signet Book 
999 |c 266822  |d 266820 
952 |0 0  |1 0  |4 0  |6 812_000000000000000_ALB_1962  |7 0  |8 A  |9 298813  |a BIBEDU  |b BIBEDU  |d 2019-11-20  |i 2742012  |o 812 ALB 1962  |p 2742012  |r 2019-11-20  |w 2019-11-20  |y BK  |k LIT